000 00728cam a22002294a 4500
020 _a0521818559
020 _a0521522714 (pb.)
040 _cDLC
082 0 0 _a330 CAM 2003 A075 Co.
100 1 _aHsiao, Cheng,
245 1 0 _aAnalysis of panel data /
250 _a2nd ed.
260 _aCambridge ;
_aNew York :
_bCambridge University Press,
_c2003.
300 _axiv, 366 p. :
_bill. ;
_c24 cm.
650 0 _aEconometrics.
650 0 _aPanel analysis.
650 0 _aAnalysis of variance.
856 4 1 _uhttp://www.loc.gov/catdir/samples/cam031/2002023348.html
856 4 2 _uhttp://www.loc.gov/catdir/description/cam022/2002023348.html
856 4 1 _uhttp://www.loc.gov/catdir/toc/cam026/2002023348.html
942 _cEK
999 _c15250
_d15250